<?xml version="1.0" encoding="UTF-8"?>
<collection xmlns="http://www.loc.gov/MARC21/slim">
 <record>
  <leader>01642caa a22003492c 4500</leader>
  <controlfield tag="001">1874938113</controlfield>
  <controlfield tag="003">DE-627</controlfield>
  <controlfield tag="005">20250512094248.0</controlfield>
  <controlfield tag="007">tu</controlfield>
  <controlfield tag="008">231214s2005    xx |||||      00| ||ger c</controlfield>
  <datafield tag="035" ind1=" " ind2=" ">
   <subfield code="a">(DE-627)1874938113</subfield>
  </datafield>
  <datafield tag="035" ind1=" " ind2=" ">
   <subfield code="a">(DE-599)KXP1874938113</subfield>
  </datafield>
  <datafield tag="040" ind1=" " ind2=" ">
   <subfield code="a">DE-627</subfield>
   <subfield code="b">ger</subfield>
   <subfield code="c">DE-627</subfield>
   <subfield code="e">rda</subfield>
  </datafield>
  <datafield tag="041" ind1=" " ind2=" ">
   <subfield code="a">ger</subfield>
  </datafield>
  <datafield tag="084" ind1=" " ind2=" ">
   <subfield code="a">961</subfield>
   <subfield code="2">bwlb</subfield>
  </datafield>
  <datafield tag="084" ind1=" " ind2=" ">
   <subfield code="a">965</subfield>
   <subfield code="2">bwlb</subfield>
  </datafield>
  <datafield tag="100" ind1="1" ind2=" ">
   <subfield code="a">Stolz, Michael</subfield>
   <subfield code="d">1960-</subfield>
   <subfield code="e">VerfasserIn</subfield>
   <subfield code="0">(DE-588)129480061</subfield>
   <subfield code="0">(DE-627)470189088</subfield>
   <subfield code="0">(DE-576)163211116</subfield>
   <subfield code="4">aut</subfield>
  </datafield>
  <datafield tag="245" ind1="1" ind2="4">
   <subfield code="a">Die Aura der Autorschaft</subfield>
   <subfield code="b">Dichterprofile in der Manessischen Liederhandschrift</subfield>
  </datafield>
  <datafield tag="264" ind1=" " ind2="1">
   <subfield code="c">2005</subfield>
  </datafield>
  <datafield tag="336" ind1=" " ind2=" ">
   <subfield code="a">Text</subfield>
   <subfield code="b">txt</subfield>
   <subfield code="2">rdacontent</subfield>
  </datafield>
  <datafield tag="337" ind1=" " ind2=" ">
   <subfield code="a">ohne Hilfsmittel zu benutzen</subfield>
   <subfield code="b">n</subfield>
   <subfield code="2">rdamedia</subfield>
  </datafield>
  <datafield tag="338" ind1=" " ind2=" ">
   <subfield code="a">Band</subfield>
   <subfield code="b">nc</subfield>
   <subfield code="2">rdacarrier</subfield>
  </datafield>
  <datafield tag="610" ind1="2" ind2="7">
   <subfield code="0">(DE-588)2002498-8</subfield>
   <subfield code="0">(DE-627)101419600</subfield>
   <subfield code="0">(DE-576)191584568</subfield>
   <subfield code="a">Universitätsbibliothek Heidelberg</subfield>
   <subfield code="2">gnd</subfield>
   <subfield code="7">(dpeaa)DE-631</subfield>
  </datafield>
  <datafield tag="630" ind1="0" ind2="7">
   <subfield code="0">(DE-588)4135049-2</subfield>
   <subfield code="0">(DE-627)104589094</subfield>
   <subfield code="0">(DE-576)209657456</subfield>
   <subfield code="a">Manessische Handschrift</subfield>
   <subfield code="a">DE-631</subfield>
   <subfield code="2">gnd</subfield>
   <subfield code="7">(dpeaa)DE-631</subfield>
  </datafield>
  <datafield tag="650" ind1="0" ind2="7">
   <subfield code="0">(DE-588)4133334-2</subfield>
   <subfield code="0">(DE-627)10568094X</subfield>
   <subfield code="0">(DE-576)209643056</subfield>
   <subfield code="a">Universitätsbibliothek</subfield>
   <subfield code="2">gnd</subfield>
   <subfield code="7">(dpeaa)DE-631</subfield>
  </datafield>
  <datafield tag="651" ind1=" " ind2="7">
   <subfield code="0">(DE-588)4023996-2</subfield>
   <subfield code="0">(DE-627)106300814</subfield>
   <subfield code="0">(DE-576)208952578</subfield>
   <subfield code="a">Heidelberg</subfield>
   <subfield code="2">gnd</subfield>
   <subfield code="7">(dpeaa)DE-631</subfield>
  </datafield>
  <datafield tag="655" ind1=" " ind2="7">
   <subfield code="a">Handschrift</subfield>
   <subfield code="0">(DE-588)4023287-6</subfield>
   <subfield code="0">(DE-627)10457187X</subfield>
   <subfield code="0">(DE-576)208948376</subfield>
   <subfield code="2">gnd-content</subfield>
  </datafield>
  <datafield tag="773" ind1="0" ind2="8">
   <subfield code="i">Enthalten in</subfield>
   <subfield code="t">Buchkultur im Mittelalter</subfield>
   <subfield code="d">Berlin [u.a.] : de Gruyter, 2005</subfield>
   <subfield code="g">1. Aufl. - Berlin [u.a.], 2005. - S. [67] - 99</subfield>
   <subfield code="h">VIII, 374, [42] S.</subfield>
   <subfield code="w">(DE-627)1621963225</subfield>
   <subfield code="w">(DE-576)250324598</subfield>
   <subfield code="z">3110189224</subfield>
   <subfield code="z">9783110189223</subfield>
   <subfield code="7">nnam</subfield>
  </datafield>
  <datafield tag="773" ind1="1" ind2="8">
   <subfield code="g">year:2005</subfield>
   <subfield code="g">pages:67-99</subfield>
  </datafield>
  <datafield tag="935" ind1=" " ind2=" ">
   <subfield code="a">BWLB</subfield>
  </datafield>
  <datafield tag="951" ind1=" " ind2=" ">
   <subfield code="a">AR</subfield>
  </datafield>
  <datafield tag="999" ind1=" " ind2=" ">
   <subfield code="a">KXP-PPN1874938113</subfield>
   <subfield code="e">4503419188</subfield>
  </datafield>
 </record>
</collection>
